000 00280nam a2200109Ia 4500
008 200302s9999 xx 000 0 und d
100 _aCj lim
245 _aDevices Manual of Architectural Spatial Machies
260 _bArchitectural Press Ltd.
260 _c2006
300 _a253 P.,
999 _c5181
_d5181